Delivering on Digital (Record no. 4822)
[ view plain ]
| 000 -LEADER | |
|---|---|
| fixed length control field | 00758nam a2200157Ia 4500 |
| 005 - DATE AND TIME OF LATEST TRANSACTION | |
| control field | 20250117103724.0 |
| 008 - FIXED-LENGTH DATA ELEMENTS--GENERAL INFORMATION | |
| fixed length control field | 250117s9999 xx 000 0 und d |
| 020 ## - INTERNATIONAL STANDARD BOOK NUMBER | |
| International Standard Book Number | 9780795347511 |
| 100 ## - MAIN ENTRY--PERSONAL NAME | |
| Personal name | Eggers, William D. |
| 245 #0 - TITLE STATEMENT | |
| Title | Delivering on Digital |
| Remainder of title | the innovators and technologies that are transforming government |
| 260 ## - PUBLICATION, DISTRIBUTION, ETC. | |
| Place of publication, distribution, etc. | New York |
| Name of publisher, distributor, etc. | RosettaBooks |
| Date of publication, distribution, etc. | 2016 |
| 300 ## - PHYSICAL DESCRIPTION | |
| Extent | vi, 289p. ; 22 cm |
| 500 ## - GENERAL NOTE | |
| General note | Includes bibliographical references and index. |
| 520 ## - SUMMARY, ETC. | |
| Summary, etc. | What if you could file your taxes or open a business online in mere minutes? It's already possible in Estonia. So why are some US government agencies still running software from the 1960s with no upgrades in sight? |
| 650 ## - SUBJECT ADDED ENTRY--TOPICAL TERM | |
| Topical term or geographic name entry element | Public administration--Technological innovations--United States. |
| Withdrawn status | Lost status | Damaged status | Not for loan | Home library | Current library | Date acquired | Total checkouts | Barcode | Date last seen | Price effective from | Koha item type |
|---|---|---|---|---|---|---|---|---|---|---|---|
| UONGOZI Institute Resources Centre - Dar es Salaam | UONGOZI Institute Resources Centre - Dar es Salaam | 01/17/2025 | 004884 | 01/31/2025 | 01/17/2025 | Book |
